Most Streamed Taylor Swift Songs on Spotify - Statistics

General Stats
  • This quiz has been taken 1,089 times
    981 since last reset
  • The average score is 13 of 20
Answer Stats
Streams Song % Correct
1.237B Blank Space
89%
1.046B Shake It Off
89%
594M Cruel Summer
85%
705M Love Story
83%
863M Anti-Hero
79%
806M Lover
79%
712M Cardigan
76%
862M Look What You Made Me Do
76%
674M Style
68%
740M Wildest Dreams
63%
667M I Knew You Were Trouble
62%
733M Me!
61%
566M We Are Never Ever Getting Back Together
61%
587M Willow
57%
537M August
53%
729M You Need To Calm Down
51%
603M Don't Blame Me
45%
695M Delicate
43%
1.395B I Don't Wanna Live Forever
42%
538M Exile
26%
No matching quizzes found
Score Distribution
Percent of People with Each Score
Percentile by Number Answered
Your Score History
You have not taken this quiz since the last reset